000 00308 a2200121 4500
001 146842
040 _cEscola São Tomás de Aquino
100 _aALBUQUERQUE, Wlamyra
240 1 0 _aO que há de África em nós
_lpor
245 1 0 _aO que há de África em nós
697 _a*LITERATURA INFANTO
942 _cBK
999 _c146842
_d146842